000 00764nam0a22002291 4500
001 rc\3034217
005 20260407222244.0
035 _a(NLR Aleph) 007174948
090 _a7383889
_c7383889
100 _a20111003d1940 |||y0rusy50 ca
101 0 _arus
102 _aRU
105 _ay z |||||
200 1 _aПроекты тематических планов журналов Стройиздата Наркомстроя на 1940 г.
210 _aМосква
_cГос. изд-во строительной лит.
_d1940
215 _a42, [2] с.
_d21 см
710 0 2 _aСтройиздат
_cМосква
_3RU\NLR\AUTH\8810149508
_9793605
801 0 _aRU
_bNLR
_gpsbo
801 1 _aRU
_bELAR
_2rusmarc
852 _aNLR
_j40-10/941
942 _cBOOK
980 _aNB